000 01368nam a22003617a 4500
003 CHAP
005 20220329142316.0
008 000606d1999 mx a r 00110 spa d
010 _a81424
011 _a82396
035 _a92889
040 _cCHAP
090 _aTesis
100 0 0 _aMorales Vidal, Santo.
_978443
245 1 0 _aIdentificación de un hongo entomopatógeno del pulgón gigante (Longistigma caryae Harris) del nogal de castilla (Juglans regia L.) en San Luis Teolocholco, Tlaxcala, México
_c/por Santo Morales Vidal
260 _aChapingo, Méx. :
_bEl autor,
_c1999.
300 _a95 h. :
_bilus.
502 _aTesis (Ing. Agr. Esp. en Parasitología Agrícola) -- UACH. Departamento de Parasitología Agrícola
590 _aALEPH
_b10
_c20130110
_lUCH01
_h1436
590 _aBATCH-UPD
_b10
_c20130110
_lUCH01
_h0618
590 _aBATCH-UPD
_b10
_c20130110
_lUCH01
_h2338
590 _aBATCH-UPD
_b10
_c20130410
_lUCH01
_h0300
590 _aBATCH-UPD
_b10
_c20130914
_lUCH01
_h1621
590 _aCONVERSION
_b10
_c20130109
_lUCH01
_h1345
650 1 4 _aHongos entomógenos.
_956131
650 1 4 _aLonggistigma caryae.
_967580
650 1 4 _aNogal
_xTlaxcala.
_981571
901 _aBK
905 _aAlejandra Carrasco M.
942 _cFOLL
949 _bBC
_cTES
_d33724000783346
_eTS2
_fc.2
_h36486
_i92889
_si
949 _bBC
_cTES
_d928891
_eTS1
_h36485
_i92889
_sb
999 _c81424
_d81424